Ortsteile, die Fußballfans kennen sollten - Statistiken

Allgemein
  • Dieses Quiz wurde 189 mal gespielt
  • Das Durchschnittsergebnis liegt bei 8 aus 13
Antwortstatistiken
Hinweis Antwort % Korrekt
Verein aus Hamburg ist sogar nach diesem Ortsteil benannt St. Pauli
95%
Bekanntester Stadtteil Gelsenkirchens Schalke
92%
Berg und Ortsteil in Kaiserslautern; Ehemaliger Namensgeber des Stadions Betzenberg
91%
Heimatstadtteil von Union Berlin Köpenick
78%
Ortsteil in Mannheim; Ehemalige Heimat des Fußballvereins Waldhof
73%
Krefelder Verein wurde nach diesem Ortsteil benannt Uerdingen
72%
Heimatviertel des 1. FC Köln, Früherer Namensgeber des Stadions Müngersdorf
65%
Viertel im Nordosten Dortmunds; Bekannter Platz trägt den gleichen Namen Borsigplatz
63%
Stadtteil im Westen Bochums; Hat nichts mit dem VfL, sondern mit einem anderen Klub zu tun Wattenscheid
61%
Stadtteil von Stuttgart; Bekannteste Tribüne wurde danach benannt Bad Cannstatt
56%
Ortsteil in München; Bekannt durch den TSV 1860 Giesing
42%
Ortsteil in Duisburg; Früherer Namensgeber des Stadions Wedau
35%
Ortsteil(e) in Bremen; Kneipenviertel und Heimat des Weserstadions Peterswerder bzw. Steintor
15%
Keine übereinstimmenden Quizze gefunden
Verteilung der Resultate
Anzahl Personen mit jedem Resultat
Perzentil nach korrekt beantworteten Fragen
Ihre Resultats-Entwicklung
Sie haben dieses Quiz noch nicht gespielt